[Event "AUTO-INT-1120"]
[Site "http://www.queenalice.com/game.php?id=500383"]
[Date "2008.11.29"]
[Round "1"]
[White "clevert"]
[Black "NightCatcher"]
[Result "1-0"]
[WhiteElo "1758"]
[BlackElo "1544"]

1. d4 Nf6 2. c4 d5 3. e3 dxc4 4. Bxc4 Bf5 5. Nf3 e6 6. O-O Bd6 7. Nc3 Ng4 8. Qb3
b6 9. h3 Nh6 10. e4 Bxh3 11. gxh3 Qf6 12. Nb5 Qg6+ 13. Kh1 Qxe4 14. Bxh6 gxh6
15. Nxd6+ cxd6 16. Rfe1 Qf5 17. Qb5+ Qxb5 18. Bxb5+ Ke7 19. Rac1 a6 20. Bd3 b5
21. Rc7+ Kf6 22. Re4 e5 23. dxe5+ dxe5 24. Rxe5 Kg7 25. Ree7 Rf8 26. Be4 a5 27.
Bxa8 Na6 28. Ra7 Nc5 29. Ne5 1-0

[Event "AUTO-INT-1120"]
[Site "http://www.queenalice.com/game.php?id=500392"]
[Date "2008.11.29"]
[Round "1"]
[White "clevert"]
[Black "Vinicius_Albuquerque"]
[Result "0-1"]
[WhiteElo "1742"]
[BlackElo "1673"]

1. d4 d5 2. c4 c6 3. Nc3 e6 4. e3 Nf6 5. Nf3 Bb4 6. Qb3 Ba5 7. Be2 Nbd7 8. Bd2
O-O 9. Rc1 h6 10. O-O Re8 11. Rfe1 a6 12. a3 Bc7 13. Qc2 e5 14. cxd5 cxd5 15.
dxe5 Bxe5 16. Nxe5 Nxe5 17. Rcd1 Be6 18. Na2 Rc8 19. Qb1 Qd6 20. Bb4 Qb6 21. Bc3
Ned7 22. Bf3 Qb3 23. Rd2 d4 24. Bxd4 Qxa2 25. Qxa2 Bxa2 26. Bxb7 Rcd8 27. Bxa6
Ne4 28. Rdd1 Bb3 29. Rc1 Ndf6 0-1

[Event "AUTO-INT-1120"]
[Site "http://www.queenalice.com/game.php?id=500393"]
[Date "2008.11.29"]
[Round "1"]
[White "Vinicius_Albuquerque"]
[Black "clevert"]
[Result "1-0"]
[WhiteElo "1651"]
[BlackElo "1742"]

1. d4 d5 2. c4 dxc4 3. e4 e6 4. Nc3 Nf6 5. Bxc4 c5 6. Nf3 cxd4 7. Nxd4 Bb4 8.
Qa4+ Nc6 9. Nxc6 bxc6 10. Qxb4 Bd7 11. O-O Rb8 12. Qa3 Qc7 13. Be3 Ng4 14. g3 h5
15. Rad1 h4 16. b3 hxg3 17. hxg3 Nxe3 18. Qd6 Qxd6 19. Rxd6 Nxf1 20. Kxf1 Ke7
21. Rd2 g6 22. Na4 f5 23. exf5 gxf5 24. Nc5 Rbd8 25. Re2 Rh6 26. Kg2 Rdh8 27. a4
Kd6 28. b4 1-0

[Event "AUTO-OPEN-1354"]
[Site "http://www.queenalice.com/game.php?id=501946"]
[Date "2008.12.3"]
[Round "1"]
[White "clevert"]
[Black "FOS2006"]
[Result "0-1"]
[WhiteElo "1684"]
[BlackElo "1647"]

1. d4 e6 2. c4 c6 3. Nc3 Bb4 4. e3 Bxc3+ 5. bxc3 Nf6 6. Bb2 O-O 7. Nf3 d6 8. Bd3
h6 9. Rb1 a6 10. a4 b5 11. cxb5 cxb5 12. axb5 axb5 13. Bxb5 Ba6 14. Bxa6 Rxa6
15. O-O Ra2 16. Qb3 Ra8 17. Qb7 Nbd7 18. Qb3 Rb8 19. Qc2 e5 20. dxe5 Nxe5 21.
Nxe5 dxe5 22. Rfd1 Qc7 23. c4 Rbc8 24. Rbc1 Nd7 25. Qf5 Rcd8 0-1

[Event "AUTO-OPEN-1354"]
[Site "http://www.queenalice.com/game.php?id=501947"]
[Date "2008.12.3"]
[Round "1"]
[White "FOS2006"]
[Black "clevert"]
[Result "1-0"]
[WhiteElo "1711"]
[BlackElo "1802"]

1. e4 e5 2. Nf3 Nc6 3. Bb5 d6 4. Bxc6+ bxc6 5. d3 Be7 6. O-O Nf6 7. c4 Bb7 8.
Nc3 O-O 9. b4 Qd7 10. Na4 a5 11. c5 axb4 12. cxd6 cxd6 13. Nb6 Qc7 14. Nxa8 Rxa8
15. a3 bxa3 16. Rxa3 Rd8 17. Ra7 d5 18. Nxe5 dxe4 19. Nxf7 1-0

[Event "AUTO-OPEN-1354"]
[Site "http://www.queenalice.com/game.php?id=501950"]
[Date "2008.12.3"]
[Round "1"]
[White "clevert"]
[Black "joao"]
[Result "0-1"]
[WhiteElo "1662"]
[BlackElo "1952"]

1. d4 d5 2. c4 Nf6 3. e3 e6 4. Nf3 c5 5. Nc3 dxc4 6. Bxc4 Nc6 7. dxc5 Qxd1+ 8.
Nxd1 Bxc5 9. a3 a5 10. b3 O-O 11. Bb2 Ne4 12. Nc3 Nd6 13. Bd3 f5 14. Rc1 e5 15.
Nd5 Ba7 16. Nxe5 Nxe5 17. Bxe5 Nf7 18. Bb2 Bd7 19. Ne7+ Kh8 20. Nxf5 Bxf5 0-1

[Event "AUTO-OPEN-1354"]
[Site "http://www.queenalice.com/game.php?id=501951"]
[Date "2008.12.3"]
[Round "1"]
[White "joao"]
[Black "clevert"]
[Result "1-0"]
[WhiteElo "1947"]
[BlackElo "1667"]

1. e4 e5 2. Nf3 Nc6 3. Bc4 d6 4. a3 Bg4 5. c3 Be7 6. d3 Nf6 7. Nbd2 a6 8. O-O b5
9. Ba2 Na7 10. b4 O-O 11. Bb2 c6 12. Qc2 Qc7 13. Rac1 Qb7 14. d4 Nd7 15. dxe5
Nxe5 16. Nxe5 dxe5 17. c4 Bd6 18. c5 Bc7 19. h3 Bd7 20. Nf3 Rfe8 21. Rcd1 Rad8
22. Rd2 Rf8 23. Rfd1 1-0

[Event "AUTO-ADV-1131"]
[Site "http://www.queenalice.com/game.php?id=502046"]
[Date "2008.12.3"]
[Round "1"]
[White "Delferrer"]
[Black "clevert"]
[Result "1-0"]
[WhiteElo "1747"]
[BlackElo "1702"]

1. e4 e5 2. Nf3 Nc6 3. Nc3 d6 4. Bb5 Bd7 5. Bxc6 Bxc6 6. d3 Be7 7. b3 Nf6 8. Bg5
h6 9. Bxf6 Bxf6 10. Ne2 a5 11. a4 Qd7 12. g3 d5 13. Nc3 O-O-O 14. Nd2 Bg5 15. h4
Bxd2+ 16. Qxd2 dxe4 17. O-O-O exd3 18. Rhg1 dxc2 19. Qxc2 Qe6 20. Rde1 f6 21.
Re3 Qf7 22. Rd1 Rxd1+ 23. Nxd1 Rd8 24. Nc3 1-0

[Event "AUTO-ADV-1131"]
[Site "http://www.queenalice.com/game.php?id=502047"]
[Date "2008.12.3"]
[Round "1"]
[White "clevert"]
[Black "Delferrer"]
[Result "0-1"]
[WhiteElo "1717"]
[BlackElo "1732"]

1. d4 d5 2. c4 c6 3. e3 Nf6 4. Nf3 Bg4 5. Nc3 dxc4 6. Bxc4 b5 7. Bb3 e6 8. Bd2
a5 9. O-O Bd6 10. h3 Bh5 11. Bc2 Nbd7 12. Ne4 Nxe4 13. Bxe4 Ra6 14. Rc1 Nb8 15.
Qb3 a4 16. Qc2 Bxf3 17. Bxf3 Qd7 18. Qb1 O-O 19. b3 Ba3 20. Rc2 axb3 21. axb3 b4
22. Bc1 Qa7 23. Rc5 Nd7 0-1

[Event "AUTO-ADV-1131"]
[Site "http://www.queenalice.com/game.php?id=502058"]
[Date "2008.12.3"]
[Round "1"]
[White "vinistrey"]
[Black "clevert"]
[Result "1-0"]
[WhiteElo "1686"]
[BlackElo "1838"]

1. e4 e5 2. Nf3 Nc6 3. Bb5 d6 4. d4 exd4 5. Qxd4 Bd7 6. Bxc6 Bxc6 7. O-O Nf6 8.
Bg5 Be7 9. Nc3 O-O 10. Rad1 h6 11. Bh4 Re8 12. Rfe1 Nd7 13. Bxe7 Rxe7 14. Nh4
Qf8 15. Nf5 Ree8 16. Rd3 Kh7 17. Rg3 g6 18. Nxh6 Ne5 19. f4 Kxh6 20. fxe5 Rxe5
21. Rf1 Qe7 22. Rf4 a6 23. Rgf3 Rf8 24. Rh3+ Kg7 25. Rfh4 Rg8 26. Rf4 Qg5 27.
Rhf3 Rf8 28. Qc4 f5 29. Qd4 Re8 30. Rf2 Bxe4 31. Nxe4 fxe4 32. Rxe4 Qc1+ 33. Rf1
Qxc2 34. Rxe5 Rxe5 35. Re1 Qc5 36. Qxc5 Rxc5 37. Re2 Kf6 38. Kf2 Rf5+ 39. Kg3 c6
40. h4 d5 41. Kg4 b6 42. a3 c5 43. Re8 Rf2 44. Rf8+ 1-0

[Event "AUTO-ADV-1131"]
[Site "http://www.queenalice.com/game.php?id=502059"]
[Date "2008.12.3"]
[Round "1"]
[White "clevert"]
[Black "vinistrey"]
[Result "1-0"]
[WhiteElo "1816"]
[BlackElo "1716"]

1. d4 d5 2. c4 e6 3. e3 Nf6 4. Nf3 c5 5. Nc3 Bd6 6. b3 Bd7 7. Bd3 Bc6 8. Bb2 Na6
9. a3 Qa5 10. O-O Nc7 11. dxc5 Qxc5 12. Qc2 dxc4 13. Bxc4 Bxf3 14. gxf3 Qg5+ 15.
Kh1 Qh5 16. f4 Ng4 17. Kg2 Qxh2+ 18. Kf3 Qh3+ 19. Ke2 Nh2 20. Rh1 Qf3+ 21. Kd3
O-O-O 22. Nb5 Bc5+ 23. Nd4 Ng4 24. Raf1 e5 25. fxe5 Nxe5+ 26. Kd2 Nc6 27. Be2
Qd5 28. Rh5 Ne5 29. f4 Bxd4 30. exd4 Qg2 31. fxe5 g6 32. Rhh1 Kb8 33. Rhg1 Qh2
34. Kc1 Nd5 35. Qe4 Qh6+ 36. Kb1 Rd7 37. Bg4 Rdd8 38. Rxf7 Qd2 39. Be6 1-0

[Event "AUTO-ADV-1131"]
[Site "http://www.queenalice.com/game.php?id=502066"]
[Date "2008.12.3"]
[Round "1"]
[White "clevert"]
[Black "ocbruno"]
[Result "0-1"]
[WhiteElo "1729"]
[BlackElo "1832"]

1. d4 d5 2. c4 c6 3. e3 Nf6 4. Nc3 g6 5. b3 Bg7 6. Bd3 b5 7. cxb5 a6 8. bxc6
Nxc6 9. Nf3 Qc7 10. Bb2 O-O 11. Rc1 Bg4 12. h3 Bxf3 13. Qxf3 Nb4 14. Bb1 a5 15.
Nxd5 Qd8 16. Nxf6+ Bxf6 17. O-O Rc8 18. Rxc8 Qxc8 19. Rc1 Qa6 20. Qd1 Rd8 21.
Qf1 Qd6 22. Qb5 Ra8 23. a3 Nd5 24. Ba2 Nc7 25. Qc5 Ne6 26. Qxd6 exd6 0-1

[Event "AUTO-ADV-1131"]
[Site "http://www.queenalice.com/game.php?id=502067"]
[Date "2008.12.3"]
[Round "1"]
[White "ocbruno"]
[Black "clevert"]
[Result "1-0"]
[WhiteElo "1819"]
[BlackElo "1742"]

1. d4 d5 2. Nf3 e6 3. b3 c5 4. Ba3 b6 5. g3 Bb7 6. Bg2 Nf6 7. c4 Be7 8. O-O O-O
9. Nc3 cxd4 10. Bxe7 Qxe7 11. Qxd4 Nc6 12. Qh4 dxc4 13. Qxc4 Rac8 14. Qh4 h6 15.
e4 Qb4 16. Rac1 Nd4 17. Nxd4 Qxd4 18. Nb5 Qb4 19. e5 Qxb5 20. Bxb7 Rxc1 21. Rxc1
Qxe5 22. a4 Qb2 23. Qc4 Ne8 24. Ba6 g6 25. Rc2 Qe5 26. Qh4 Kg7 27. Re2 1-0